[Event "Hannover Bezirks op"]
[Site "Hannover"]
[Date "2017.01.21"]
[Round "1.7"]
[White "Schmalz, Dierk"]
[Black "Mumm, Karen"]
[Result "1-0"]
[WhiteElo "1923"]
[BlackElo "1623"]
[PlyCount "67"]
[EventDate "2017.01.21"]
[EventType "swiss"]
[EventRounds "7"]
[EventCountry "GER"]
[SourceTitle "EXT 2022"]
[Source "ChessBase"]
[SourceDate "2021.10.06"]
[SourceVersion "1"]
[SourceVersionDate "2021.10.06"]
[SourceQuality "1"]

1. e4 d5 2. exd5 Nf6 3. Bb5+ Bd7 4. Bc4 Bg4 5. f3 Bf5 6. Nc3 Nbd7 7. Nge2 Nb6 8. Bb3 Nfxd5 9. Nxd5 Nxd5 10. d4 e6 11. a3 Bd6 12. c4 Nf6 13. Be3 Qd7 14. Ng3 Bg6 15. Qe2 Bxg3+ 16. hxg3 Nh5 17. Bf2 0-0-0 18. 0-0-0 Rhe8 19. Qd2 Qd6 20. Rh3 e5 21. d5 a6 22. Bc2 f5 23. Bxf5+ Bxf5 24. Rxh5 Qg6 25. g4 Bd7 26. Bh4 Ba4 27. Bxd8 Bxd1 28. Bxc7 Bb3 29. d6 Ba2 30. d7+ Kxc7 31. dxe8N+ Qxe8 32. Qd5 Kc8 33. Rxe5 Qg6 34. Qe6+ 1-0

[Event "Hannover-chC"]
[Site "Lehrte"]
[Date "2016.10.02"]
[Round "4"]
[White "Mumm, Karen"]
[Black "Schulze, Lukas"]
[Result "0-1"]
[WhiteElo "1623"]
[BlackElo "1328"]
[PlyCount "90"]
[EventDate "2016.10.01"]
[EventType "swiss"]
[EventRounds "7"]
[EventCountry "GER"]
[SourceTitle "EXT 2020"]
[Source "ChessBase"]
[SourceDate "2019.10.17"]
[SourceVersion "1"]
[SourceVersionDate "2019.10.17"]
[SourceQuality "1"]

1. e4 c6 2. d4 d5 3. Nc3 a6 4. Nf3 Bg4 5. Bd3 e6 6. e5 Nd7 7. h3 Bh5 8. Bf4 c5 9. Be2 Ne7 10. g4 Bg6 11. Nh4 cxd4 12. Nxg6 Nxg6 13. Qxd4 Bc5 14. Qd2 Qb6 15. 0-0 Ndxe5 16. Na4 Qc6 17. Nxc5 Qxc5 18. b4 Qc6 19. Rfc1 Rc8 20. Rab1 Qc3 21. Qxc3 Rxc3 22. Be3 Ke7 23. Bc5+ Kf6 24. Rb3 Rxb3 25. axb3 Nf4 26. Re1 Nxh3+ 27. Kh2 Nf4 28. Be3 Nxe2 29. g5+ Kg6 30. Rxe2 Ng4+ 31. Kg3 Nxe3 32. Rxe3 Kxg5 33. f4+ Kf5 34. Rc3 Kf6 35. Rc7 Rb8 36. c3 b5 37. Rc6 Ra8 38. Rc5 h6 39. Kh4 Ra7 40. Kg4 g5 41. c4 bxc4 42. bxc4 dxc4 43. Rxc4 Rb7 44. Kf3 Rb5 45. Kg4 a5 0-1

[Event "Hannover Ihme Cup"]
[Site "Hannover"]
[Date "2016.05.21"]
[Round "2"]
[White "Bartel, Reinhard"]
[Black "Mumm, Karen"]
[Result "1-0"]
[WhiteElo "1523"]
[BlackElo "1626"]
[PlyCount "94"]
[EventDate "2016.05.20"]
[EventType "swiss"]
[EventRounds "5"]
[EventCountry "GER"]
[SourceTitle "CBM 189 Extra"]
[Source "ChessBase"]
[SourceDate "2019.06.03"]
[SourceVersion "1"]
[SourceVersionDate "2019.06.03"]
[SourceQuality "1"]

1. d4 Nf6 2. c4 g6 3. Nc3 Bg7 4. Nf3 0-0 5. e4 d6 6. Be2 e5 7. d5 Nh5 8. Bg5 Qe8 9. Qd2 f5 10. Nh4 Nf6 11. exf5 Bxf5 12. Nxf5 gxf5 13. h4 f4 14. h5 h6 15. Bxf6 Bxf6 16. Ne4 Nd7 17. Bg4 Bg7 18. Be6+ Kh8 19. 0-0-0 Nf6 20. Nxf6 Bxf6 21. Rdg1 Bg5 22. Qc2 c6 23. Kb1 Rb8 24. Qg6 Qe7 25. Rh3 Qh7 26. Ra3 a6 27. Rb3 Rf6 28. Qxh7+ Kxh7 29. f3 b5 30. cxb5 Rxb5 31. Rxb5 axb5 32. b4 cxd5 33. Bxd5 Rf8 34. Rc1 Kg7 35. Rc6 Be7 36. Rb6 Kf6 37. Rxb5 Kg5 38. a4 Kxh5 39. a5 Kh4 40. a6 Kg3 41. a7 h5 42. Rb8 Rxb8 43. axb8Q Kxg2 44. Qg8+ Kf2 45. Qh7 h4 46. Qxe7 h3 47. Qh4+ Kg2 1-0

[Event "Hannover Region-ch"]
[Site "Hannover"]
[Date "2016.04.02"]
[Round "6"]
[White "Zweigait, Leon"]
[Black "Mumm, Karen"]
[Result "1-0"]
[WhiteElo "1046"]
[BlackElo "1412"]
[PlyCount "155"]
[EventDate "2016.01.16"]
[EventType "swiss"]
[EventRounds "7"]
[EventCountry "GER"]
[SourceTitle "EXT 2020"]
[Source "ChessBase"]
[SourceDate "2019.10.17"]
[SourceVersion "1"]
[SourceVersionDate "2019.10.17"]
[SourceQuality "1"]

1. d4 Nf6 2. c4 g6 3. Nc3 Bg7 4. Bf4 0-0 5. e3 d6 6. Nf3 c5 7. Qc2 cxd4 8. exd4 Nc6 9. a3 e6 10. 0-0-0 d5 11. c5 Bd7 12. Bd6 Re8 13. Nb5 Rc8 14. Bf4 a6 15. Nd6 Qc7 16. Bg3 e5 17. Nxe8 Rxe8 18. Bxe5 Bh6+ 19. Kb1 Nxe5 20. Nxe5 Bf5 21. Bd3 Be6 22. g3 Rc8 23. f4 Ne4 24. Bxe4 dxe4 25. Ka1 f5 26. d5 Bd7 27. b4 Bg7 28. d6 Qb8 29. Qb3+ Kh8 30. Kb1 Bxe5 31. fxe5 Re8 32. Qc3 Re6 33. Rd4 Kg8 34. g4 Qf8 35. Qb3 Kg7 36. Rf1 Rxe5 37. Qc3 Kg8 38. gxf5 gxf5 39. Qg3+ Qg7 40. Qxg7+ Kxg7 41. Kc1 Kf6 42. Kd2 e3+ 43. Ke1 Ke6 44. Rh4 e2 45. Rf2 Bb5 46. Rxh7 Rd5 47. Rxe2+ Bxe2 48. Re7+ Kf6 49. Kxe2 f4 50. Rxb7 Kf5 51. d7 Ke4 52. c6 f3+ 53. Ke1 Ke3 54. d8Q Rxd8 55. Rd7 Rg8 56. Re7+ Kf4 57. c7 Rg1+ 58. Kf2 Rg2+ 59. Kf1 Rc2 60. a4 Rc1+ 61. Kf2 Rc2+ 62. Ke1 f2+ 63. Kf1 Kf3 64. c8Q Rxc8 65. Rf7+ Ke3 66. Rxf2 Rc1+ 67. Kg2 Rb1 68. Rf3+ Ke4 69. Kg3 Rg1+ 70. Kf2 Rb1 71. Rg3 Rb2+ 72. Kg1 Kd5 73. Rg4 Ra2 74. b5 a5 75. h4 Rb2 76. h5 Ke5 77. Rh4 Kf5 78. h6 1-0

[Event "Hannover Region-ch"]
[Site "Hannover"]
[Date "2016.01.16"]
[Round "1"]
[White "Mumm, Karen"]
[Black "Schoenfeld, Dietmar"]
[Result "0-1"]
[WhiteElo "1412"]
[BlackElo "1915"]
[PlyCount "88"]
[EventDate "2016.01.16"]
[EventType "swiss"]
[EventRounds "7"]
[EventCountry "GER"]
[SourceTitle "EXT 2020"]
[Source "ChessBase"]
[SourceDate "2019.10.17"]
[SourceVersion "1"]
[SourceVersionDate "2019.10.17"]
[SourceQuality "1"]

1. e4 c5 2. Nf3 d6 3. Bb5+ Bd7 4. Nc3 Nc6 5. 0-0 Nf6 6. d4 cxd4 7. Nxd4 Nxd4 8. Qxd4 Bxb5 9. Nxb5 a6 10. Nc3 e6 11. Re1 Be7 12. e5 dxe5 13. Qxe5 Bd6 14. Qe2 0-0 15. Bg5 Be7 16. Rad1 Qc7 17. Rd3 Rfd8 18. Rg3 Rac8 19. Bh6 g6 20. h4 Qc4 21. Bg5 Qxe2 22. Rxe2 h5 23. Rf3 Kg7 24. Ne4 Nxe4 25. Bxe7 Rd1+ 26. Kh2 f5 27. Rd3 Rxc2 28. Rxe4 Rxd3 29. Rxe6 Kf7 30. Re5 Rxb2 31. Bg5 Rd7 32. Ra5 Rxf2 33. Ra3 Re2 34. Kg3 Ke6 35. Kf3 Re4 36. Rb3 b5 37. a3 Rd1 38. g3 Kd5 39. Bf6 Rc4 40. Re3 a5 41. Re5+ Kc6 42. Re3 b4 43. Be7 Rc3 44. axb4 Rxe3+ 0-1

[Event "Niedersachsen-ch op-B"]
[Site "Verden"]
[Date "2016.01.06"]
[Round "7"]
[White "Mumm, Karen"]
[Black "Bischoff, Norbert"]
[Result "1-0"]
[WhiteElo "1371"]
[BlackElo "1596"]
[PlyCount "45"]
[EventDate "2016.01.03"]
[EventType "swiss"]
[EventRounds "7"]
[EventCountry "GER"]
[SourceTitle "EXT 2018"]
[Source "ChessBase"]
[SourceDate "2017.10.13"]
[SourceVersion "1"]
[SourceVersionDate "2017.10.13"]
[SourceQuality "1"]

1. e4 e6 2. d4 d5 3. Nc3 Nc6 4. Nf3 Nf6 5. e5 Ne4 6. Bd2 Nxd2 7. Qxd2 Bb4 8. a3 Bxc3 9. Qxc3 0-0 10. Qe3 Ne7 11. g4 Bd7 12. Bd3 g6 13. h4 Kg7 14. h5 Ng8 15. Ng5 h6 16. hxg6 fxg6 17. Nf3 Be8 18. 0-0-0 Kf7 19. Rxh6 Nxh6 20. Qxh6 Ke7 21. Ng5 Bf7 22. Bxg6 Rh8 23. Qg7 1-0

[Event "Niedersachsen-ch op-B"]
[Site "Verden"]
[Date "2016.01.04"]
[Round "4"]
[White "Mumm, Karen"]
[Black "Pubantz, Jan"]
[Result "0-1"]
[WhiteElo "1371"]
[BlackElo "1501"]
[PlyCount "68"]
[EventDate "2016.01.03"]
[EventType "swiss"]
[EventRounds "7"]
[EventCountry "GER"]
[SourceTitle "EXT 2018"]
[Source "ChessBase"]
[SourceDate "2017.10.13"]
[SourceVersion "1"]
[SourceVersionDate "2017.10.13"]
[SourceQuality "1"]

1. e4 g6 2. d4 Bg7 3. Nf3 d6 4. Bc4 a6 5. 0-0 b5 6. Bb3 Bb7 7. Ng5 Nh6 8. Re1 Nd7 9. c3 c5 10. Bd5 Bxd5 11. exd5 cxd4 12. cxd4 Nf5 13. Be3 Nb6 14. Nc3 b4 15. Nce4 h6 16. Nf3 Nxd5 17. Qa4+ Qd7 18. Qb3 Ndxe3 19. fxe3 a5 20. Rac1 0-0 21. Rc2 Rac8 22. Kf2 Rxc2+ 23. Qxc2 Rc8 24. Qd2 h5 25. b3 Qc7 26. h3 Qc2 27. Re2 Qxe4 28. g3 Bh6 29. h4 e6 30. Ne1 Nxe3 31. Rxe3 Bxe3+ 32. Qxe3 Qxe3+ 33. Kxe3 Rc3+ 34. Kf2 a4 0-1

[Event "Hannover Ihme Cup"]
[Site "Hannover"]
[Date "2015.05.08"]
[Round "1"]
[White "Mumm, Karen"]
[Black "Kiesewetter, Oliver"]
[Result "0-1"]
[WhiteElo "1326"]
[BlackElo "1903"]
[PlyCount "56"]
[EventDate "2015.05.08"]
[EventType "swiss"]
[EventRounds "5"]
[EventCountry "GER"]
[SourceTitle "EXT 2021"]
[Source "ChessBase"]
[SourceDate "2020.10.23"]
[SourceVersion "1"]
[SourceVersionDate "2020.10.23"]
[SourceQuality "1"]

1. e4 c6 2. d4 d5 3. Nc3 dxe4 4. Nxe4 Bf5 5. Ng3 Bg6 6. Nf3 Nd7 7. Bc4 e6 8. h4 h6 9. Bf4 Qa5+ 10. c3 Ngf6 11. Ne5 Nxe5 12. dxe5 Nd5 13. Bd2 Nb6 14. b4 Qxe5+ 15. Be2 Rd8 16. f4 Qc7 17. h5 Bh7 18. 0-0 Be7 19. Bg4 Nc4 20. Rf2 Bh4 21. Kh2 Rd3 22. Bf3 Bxg3+ 23. Kxg3 Qd6 24. Qa4 Nxd2 25. Qxa7 Ne4+ 26. Kh2 Nxf2 27. Qxf2 Qxf4+ 28. Kg1 Qe3 0-1

[Event "Hannover Region-ch"]
[Site "Hannover"]
[Date "2015.03.21"]
[Round "7"]
[White "Mumm, Karen"]
[Black "Glaschak, Joachim"]
[Result "1-0"]
[WhiteElo "1350"]
[BlackElo "1258"]
[PlyCount "48"]
[EventDate "2015.01.10"]
[EventType "swiss"]
[EventRounds "7"]
[EventCountry "GER"]
[SourceTitle "EXT 2021"]
[Source "ChessBase"]
[SourceDate "2020.10.23"]
[SourceVersion "1"]
[SourceVersionDate "2020.10.23"]
[SourceQuality "1"]

1. e4 c6 2. d4 d5 3. Nc3 dxe4 4. Nxe4 Bf5 5. Ng3 Bg6 6. Nf3 e6 7. Ne5 Ne7 8. Bc4 Nd7 9. 0-0 Nxe5 10. dxe5 Nd5 11. a3 Be7 12. Bd3 Bxd3 13. Qxd3 g6 14. c4 Nb6 15. Qc3 0-0 16. Bh6 Re8 17. Rad1 Qc7 18. Nh5 Nd7 19. Nf6+ Nxf6 20. exf6 Bd6 21. Qh3 Be5 22. Bg7 Rad8 23. Rde1 Bxb2 24. Re3 Qf4 1-0

[Event "Hannover-chA"]
[Site "Lehrte"]
[Date "2014.10.25"]
[Round "1"]
[White "Mumm, Karen"]
[Black "Rueckert, Siegfried"]
[Result "1/2-1/2"]
[WhiteElo "1336"]
[BlackElo "1612"]
[PlyCount "70"]
[EventDate "2014.10.25"]
[EventType "swiss"]
[EventRounds "7"]
[EventCountry "GER"]
[SourceTitle "EXT 2021"]
[Source "ChessBase"]
[SourceDate "2020.10.23"]
[SourceVersion "1"]
[SourceVersionDate "2020.10.23"]
[SourceQuality "1"]

1. e4 c6 2. d4 d5 3. Nc3 dxe4 4. Nxe4 Bf5 5. Ng3 Bg6 6. Nf3 h6 7. Bd3 Bxd3 8. Qxd3 Nd7 9. 0-0 Ngf6 10. c3 e6 11. Re1 Bd6 12. Nf5 Bf8 13. Bf4 Nb6 14. Rad1 g6 15. Bxh6 Bxh6 16. Nxh6 Rxh6 17. Ng5 Qd6 18. g3 Qd7 19. Qf3 Nh7 20. Ne4 0-0-0 21. Nc5 Qe7 22. Qg4 Qg5 23. Qf3 Qf5 24. Qe3 Qh3 25. Qf4 Qf5 26. Qxh6 Ng5 27. Kf1 Qf6 28. Ne4 Nxe4 29. Rxe4 Qf3 30. Ree1 Nd5 31. Qd2 Rh8 32. h4 Nf6 33. Qf4 Qxf4 34. gxf4 Rxh4 35. Ke2 Rxf4 1/2-1/2

[Event "Daehne Cup Region Hannover VII"]
[Site "Hannover"]
[Date "2014.07.03"]
[Round "2"]
[White "Fuchs, Michael"]
[Black "Mumm, Karen"]
[Result "1-0"]
[WhiteElo "1498"]
[BlackElo "1389"]
[PlyCount "159"]
[EventDate "2014.06.26"]
[EventType "k.o."]
[EventCountry "GER"]
[SourceTitle "EXT 2022"]
[Source "ChessBase"]
[SourceDate "2021.10.06"]
[SourceVersion "1"]
[SourceVersionDate "2021.10.06"]
[SourceQuality "1"]

1. e4 d5 2. e5 c5 3. d4 cxd4 4. Qxd4 Nc6 5. Bb5 a6 6. Bxc6+ bxc6 7. Nc3 Bf5 8. Nf3 e6 9. 0-0 Bxc2 10. Bg5 Be7 11. Bf4 c5 12. Qd2 Be4 13. Nxe4 dxe4 14. Ng5 Qxd2 15. Bxd2 Bxg5 16. Bxg5 h6 17. Be3 c4 18. Rac1 Rc8 19. Rc3 Ne7 20. Rfc1 0-0 21. Rxc4 Rxc4 22. Rxc4 Rd8 23. Kf1 Rb8 24. b3 Nd5 25. Rxe4 Nc3 26. Rg4 Rd8 27. g3 Kh7 28. Rc4 Rd1+ 29. Kg2 Nd5 30. Kf3 Rd3 31. Ke2 Rc3 32. Kd2 Rxc4 33. bxc4 Nb4 34. a3 Nc6 35. f4 Kg6 36. g4 f5 37. exf6 gxf6 38. Kd3 f5 39. h3 h5 40. gxf5+ Kxf5 41. c5 e5 42. fxe5 Nxe5+ 43. Kd4 Ke6 44. a4 Nc6+ 45. Ke4 Nb4 46. Bd2 Nd5 47. Kd4 Ne7 48. Kc4 Nc6 49. Bf4 Na5+ 50. Kd4 Nc6+ 51. Ke4 Ne7 52. Bd6 Nd5 53. Kd4 Nb4 54. Ke4 Nd5 55. Kd3 Nb4+ 56. Kc3 Nd5+ 57. Kc4 Ne3+ 58. Kb4 Nd5+ 59. Ka5 Nc3 60. Kxa6 Nxa4 61. Kb5 Nc3+ 62. Kb6 Nd5+ 63. Kb7 Kd7 64. Bg3 Nb4 65. h4 Nc6 66. Kb6 Nd4 67. Bf4 Nc6 68. Kb5 Ne7 69. Bg5 Nc6 70. Kc4 Nb8 71. Kd5 Nc6 72. Bf6 Nb4+ 73. Ke5 Kc6 74. Be7 Nd3+ 75. Kf5 Kd7 76. Bd6 Nf2 77. Kg5 Ke6 78. Kxh5 Kf6 79. c6 Ne4 80. Bf4 1-0

[Event "Hannover Ihme Cup"]
[Site "Hannover"]
[Date "2014.05.10"]
[Round "2"]
[White "Mumm, Karen"]
[Black "Phunhon Lopez, Daniel Alejandro"]
[Result "0-1"]
[WhiteElo "1387"]
[BlackElo "1774"]
[PlyCount "92"]
[EventDate "2014.05.09"]
[EventType "swiss"]
[EventRounds "5"]
[EventCountry "GER"]
[SourceTitle "EXT 2021"]
[Source "ChessBase"]
[SourceDate "2020.10.23"]
[SourceVersion "1"]
[SourceVersionDate "2020.10.23"]
[SourceQuality "1"]

1. e4 c5 2. Nf3 e6 3. d4 cxd4 4. Nxd4 a6 5. Nc3 Qc7 6. Bd3 Nc6 7. Nxc6 dxc6 8. Ne2 Bd6 9. Ng3 Nf6 10. 0-0 0-0 11. f4 e5 12. f5 c5 13. c4 b5 14. b3 Bd7 15. Nh5 Be7 16. Nxf6+ Bxf6 17. Qg4 Qd6 18. Qh3 Qd4+ 19. Be3 Qxd3 20. Rad1 Qxe4 21. Rxd7 Rad8 22. Rxd8 Rxd8 23. Bxc5 bxc4 24. Qc3 cxb3 25. axb3 h6 26. b4 Qe2 27. Qf3 Qc2 28. Rf2 Rd1+ 29. Rf1 Rd8 30. Rf2 Qc4 31. Qe2 Qc1+ 32. Rf1 Qa3 33. Rf3 Qa1+ 34. Rf1 Qa4 35. Qf3 a5 36. Bb6 Rd2 37. bxa5 e4 38. Qg3 Bd4+ 39. Bxd4 Qxd4+ 40. Kh1 Rd1 41. Qb8+ Kh7 42. Qb5 e3 43. Qe2 Rxf1+ 44. Qxf1 Qd2 45. Qb1 e2 46. f6+ g6 0-1